Artificial diets for insects, mited and spiders. (Record no. 34430)

MARC details
000 -LEADER
fixed length control field 00338nam a2200121Ia 4500
082 ## - DEWEY DECIMAL CLASSIFICATION NUMBER
Classification number 595.7'.4:591.13
Item number SIN
100 ## - MAIN ENTRY--AUTHOR NAME
Personal name SINGH, Pritam
245 #0 - TITLE STATEMENT
Title Artificial diets for insects, mited and spiders.
260 ## - PUBLICATION, DISTRIBUTION, ETC. (IMPRINT)
Place of publication New York
Name of publisher Plenum
Year of publication 1977
650 ## - SUBJECT ADDED ENTRY--TOPICAL TERM
Topical Term Insects artificial diet
942 ## - ADDED ENTRY ELEMENTS (KOHA)
Koha item type Books
Holdings
Withdrawn status Lost status Damaged status Not for loan Home library Current library Date acquired Full call number Accession Number Koha item type
        RRII Library RRII Library 16/12/2021 595.7'.4:591.13 SIN 14868 Books